Statistics for Shaquille O'Neal Filmography

Click here to take the quiz!

General Stats

  • This quiz has been taken 43 times
    (6 since last reset)
  • The average score is 31 of 131

Answer Stats

TypeYearName% Correct
Documentary Series2022Shaq
67%
Film2013Grown Ups 2
50%
Film2020Hubie Halloween
50%
Film2006Scary Movie 4
50%
Video Game2018Shaq Fu: A Legend Reborn
50%
TV Show2020-2021Shaq Life
50%
Film2013The Smurfs 2
50%
Film2004After the Sunset
33%
TV Show2007American Idol
33%
TV Show1996, 2001Arli$$
33%
Film2014Blended
33%
Film1994Blue Chips
33%
TV Show2018Drop the Mic
33%
TV Show2011Fear Factor
33%
TV Show2015, 2016Fresh Off the Boat
33%
Film1997Good Burger
33%
Film1998He Got Game
33%
Film2011Jack and Jill
33%
TV Show2004Johnny Bravo
33%
Film1996Kazaam
33%
Documentary Mini-Series2022Legacy: The True Story of the LA Lakers
33%
TV Show2016Lip Sync Battle
33%
TV Show2001My Wife and Kids
33%
Commercial2020Papa John's
33%
TV Show2013Real Husbands of Hollywood
33%
TV Show1998Saturday Night Live
33%
TV Show2005Shaquille
33%
TV Show2009-2010Shaq Vs.
33%
Film2018Show Dogs
33%
TV Show2010Sonny with a Chance
33%
TV Show2013Southland
33%
TV Show2002Static Shock
33%
Film1997Steel
33%
TV Show2003The Bernie Mac Show
33%
TV Show2011The Cleveland Show
33%
Film2008The House Bunny
33%
Film2014The LEGO Movie
33%
TV Show2017The Simpsons
33%
TV Show2004The Tracy Morgan Show
33%
Film2001The Wash
33%
Film2018Uncle Drew
33%
TV Show2014Uncle Grandpa
33%
TV Show2013-2014Upload with Shaquille O'Neal
33%
TV Show1998, 2007, 2009WWE Raw
33%
TV Show2020-2021All Elite Wrestling: Dynamite
17%
Commercial1996Allsport Drinks
17%
TV Show1999All That
17%
TV Show2014American Chopper: The Series
17%
Commercial2016American Express
17%
TV Special2022An Evening with Shaquille O'Neal
17%
TV Show2019, 2021Basketball Wives
17%
TV Show2018Beat Shazam
17%
Web Series2018Big Chicken Shaq
17%
Commercial2012Buick Lacrosse
17%
Commercial2002Burger King
17%
Commercial2021Carnival Cruises
17%
TV Show2017Carpool Karaoke
17%
Film1993CB4
17%
TV Show2018Celebrity Family Feud
17%
Commercial2009Comcast
17%
TV Show1998Cousin Skeeter
17%
TV Show2013Criss Angel Believe
17%
TV Show2001Curb Your Enthusiasm
17%
Commercial2021Epson EcoTank
17%
Commercial2019FORTO Coffee
17%
TV Show2001For Your Love
17%
Film2001Freddy Got Fingered
17%
Commercial2000freeinternet.com
17%
Commercial2020Frosted Flakes
17%
TV Special2006GM All-Car Showdown
17%
Commercial2013, 2014Gold Bond
17%
Web Series2015Highston
17%
Web Mini-Series2020Home Movie: The Princess Bride
17%
Film2022Hustle
17%
Commercial2003-2018Icy Hot Smart Relief
17%
TV Show2022Impractical Jokers
17%
TV Show1994In Living Color
17%
TV Show2011-PresentInside the NBA
17%
TV Show2002Jackass
17%
TV Show2013, 2017Jimmy Kimmel Live!
17%
TV Show2008Keeping Up with the Kardashians
17%
TV Show1998MADtv
17%
TV Show1996Martin
17%
Commercial2014Monster Superstar Bluetooth Speaker
17%
Commercial2001Nestle's Crunch
17%
TV Show2015Off to School
17%
TV Show2014Orange County Choppers
17%
Commercial1995, 1997, 1998Pepsi
17%
TV Show2016Pickle and Peanut
17%
TV Special2002Platinum Comedy Series: Roasting Shaquille O'Neal
17%
TV Show2005Punk'd
17%
Commercial2002Radio Shack
17%
Commercial1992Reebok
17%
Commercial2019Ring Alarm Security Kit
17%
TV Show2016Running Wild with Bear Grylls
17%
Web Special2023Schoolhouse Rock! 50th Anniversary Singalong
17%
TV Special2015Shaq Inq
17%
TV Special2003Shaq's All Star Comedy Roast 2
17%
TV Show2007Shaq's Big Challenge
17%
TV Show2023Shaq's Garage
17%
TV ShowTBAShaq Talk
17%
TV Special2016Shaq: The Big Conversation
17%
Documentary2023Shaq: The Rookie Season
17%
TV Special2013Shaquille O'Neal Presents: All Star Comedy Jam - Live from Atlanta
17%
TV Special2014Shaquille O'Neal Presents: All Star Comedy Jam - Live from Las Vegas
17%
TV Show1998Sin City Spectacular
17%
TV Show1996-1998Sports Theater with Shaquille O'Neal
17%
Commercial1997Taco Bell
17%
TV Show2018Tanked
17%
Documentary Series2022-2023The Break
17%
Film2007The Bros.
17%
TV Show2016The Dunk King
17%
Documentary Series2022The Game Plan
17%
Commercial2016-2018The General Car Insurance
17%
Film2005The Kid & I
17%
TV Show2021The Leadership League
17%
TV Special2009The Love Shaq
17%
TV Show2002, 2004The Parkers
17%
TV Show2013The Soup
17%
Documentary Series2022They Call Me Magic
17%
Film2012Thunderstruck
17%
Documentary Mini-Series2020Tiger King
17%
TV Documentary1995Time Out with Shaquille O'Neal
17%
TV Show2012TNA iMPACT! Wrestling
17%
TV SpecialTBAUnqualified
17%
Web Series2022Urban Eats and Treats
17%
Commercial2008Vitamin Water
17%
Film2019What Men Want
17%
Film2010When in Rome
17%
TV Show2010Who Wants to Be a Millionaire
17%
Web Series2019WTF, Baron Davis
17%

Score Distribution

Percentile by Number Answered

Percent of People with Each Score

Your Score History

You have not taken this quiz since the last reset